| 000 | 00558cam a2200205 a 4500 | ||
|---|---|---|---|
| 999 |
_c107134 _d107134 |
||
| 001 | vtls000188532 | ||
| 005 | 20180906110909.0 | ||
| 008 | 170907s2017 nyu 000 0 eng d | ||
| 020 | _a9789352643813 | ||
| 040 | _cPK-LaUMT | ||
| 082 |
_a891.4393 _bSHE-S |
||
| 100 | 1 | _aSheheryar B.Sheikh | |
| 245 | 1 | 0 |
_aThe Still point of the turning world / _cSheheryar B. Sheikh |
| 260 |
_aNew Delhi : _bHarperCollins publishers, _c2017 |
||
| 300 | _a320 p. | ||
| 546 | _aIn English | ||
| 650 | _aFiction | ||
| 942 | _cBK | ||